Metódy vedenia ľudí ako nástroj motivácie záverečná práca postgraduálneho štúdia

Salvato in:
Dettagli Bibliografici
Autore principale: Vološ, Viliam
Ente Autore: Vysoká škola ekonomická v Bratislave
Altri autori: Osvaldová, Lívia
Natura: Libro
Lingua:slovacco
Pubblicazione: Bratislava 1989
Tags: Aggiungi Tag
Nessun Tag, puoi essere il primo ad aggiungerne!!

MARC

LEADER 00000nam a2200000 4500
001 c026397
005 20221215070854.4
041 0 |a slo 
044 |a SK 
245 1 0 |a Metódy vedenia ľudí ako nástroj motivácie  |b záverečná práca postgraduálneho štúdia  |c Viliam Vološ ; ved. práce Lívia Osvaldová 
264 1 |a Bratislava  |c 1989 
300 |a 60 s. 
100 1 |a Vološ, Viliam 
700 1 |a Osvaldová, Lívia 
710 2 |a Vysoká škola ekonomická v Bratislave